| 000 | 00434nam a22001577a 4500 | ||
|---|---|---|---|
| 003 | SGT | ||
| 020 | _a9788190651509 | ||
| 082 | _a381.34,MAT | ||
| 100 | _aMATHUR, ROOPA OM | ||
| 245 | _aCONSUMER PROTECTION | ||
| 260 |
_aNEW DELHI _bJBC PUBLISHERS |
||
| 300 | _a140 | ||
| 650 | _aCONSUMER PROTECTION | ||
| 653 | _aCONSUMERISM IN INDIA, METHODS CONSUMER PROTECTION- LEGAL AND VOLUNTARY, CONSUMER BUYING MOTIVES | ||
| 942 |
_2ddc _cFPS |
||
| 999 |
_c9338 _d9338 |
||